Score 0/16 Timer 01:30
0 Plays Today
Song Word % Correct
Buddy _____Holly
98.4%
Say it _____ soAin't
96.9%
_____ HillsBeverly
96.1%
_____ and BeansPork
95.3%
_____ In the SunIsland
94.6%
My name is _____Jonas
94.6%
Hash _____Pipe
91.5%
Surf _____ AmericaWax
88.4%
Song Word % Correct
_____ TrianglePink
88.4%
(If You're _____ If I Want You to) I Want You ToWondering
83.7%
Back to the _____Shack
82.9%
_____ SituaitionPerfect
82.9%
The World Has _____ and Left Me HereTurned
82.9%
The _____ Man That Ever LivedGreatest
74.4%
You _____ ThinkMight
63.6%
I Just Threw Out the _____ of My DreamsLove
58.1%
Remove Ads.
Support Sporcle.
Get the best of Sporcle when you Go Orange. This ad-free experience offers more features, more stats, and more fun while also helping to support Sporcle. Thank you for becoming a member.

You're not logged in!

Compare scores with friends on all Sporcle quizzes.
OR
Log In

Show Comments

Extras

Top Quizzes Today


Score Distribution

Your Account Isn't Verified!

In order to create a playlist on Sporcle, you need to verify the email address you used during registration. Go to your Sporcle Settings to finish the process.

Report this User

Report this user for behavior that violates our Community Guidelines.

Details: